Limiting population growth and the Ford Foundation contribution /

Bibliographic Details
Main Author: Caldwell, John C. (John Charles)
Other Authors: Caldwell, Pat
Format: Book
Language:English
Published: London ; Dover, N.H. : F. Pinter, 1986.
Subjects:

MARC

Tag First Indicator Second Indicator Subfields
LEADER 00000cam a22000008a 4500
001 in00000426521
005 20151012055651.0
008 850719s1986 enk b 00010 eng
010 |a  85016975  
020 |a 0861875761 :  |c $22.50 
035 |a (OCoLC)12345128 
035 |9 ABV1122AM 
039 0 |a 2  |b 3  |c 3  |d 3  |e 3 
040 |a DLC  |c DLC  |d TXA  |d UtOrBLW 
043 |a n-us--- 
049 |a TXAM  |c [A09308915] 
050 0 0 |a HB884.5  |b .C35 1986 
082 0 |a 304.6/6/091724  |2 19 
100 1 |a Caldwell, John C.  |q (John Charles) 
245 1 0 |a Limiting population growth and the Ford Foundation contribution /  |c John Caldwell and Pat Caldwell. 
264 1 |a London ;  |a Dover, N.H. :  |b F. Pinter,  |c 1986. 
300 |a viii, 194 pages 
336 |a text  |b txt  |2 rdacontent 
337 |a unmediated  |b n  |2 rdamedia 
338 |a volume  |b nc  |2 rdacarrier 
504 |a Includes bibliographical references and index. 
610 2 0 |a Ford Foundation. 
650 0 |a Population assistance, American. 
700 1 |a Caldwell, Pat. 
999 |a MARS 
999 f f |s a2aac5ca-d456-381e-8098-b3dcf20a8244  |i d5b41a92-37b9-345f-82b7-6c1e28d5fed1  |t 0 
952 f f |p ric  |a Texas A&M University  |b Rellis Campus  |c Joint Library Facility  |d Remote Storage  |t 0  |e HB884.5 .C35 1986  |h Library of Congress classification  |i unmediated -- volume  |m A14809308915 
998 f f |a HB884.5 .C35 1986  |t 0  |l Remote Storage